| 000 -LEADER |
| fixed length control field |
01186cam a2200193 a 4500 |
| 020 ## - INTERNATIONAL STANDARD BOOK NUMBER |
| ISBN |
0300073488 (cloth : alk. paper) |
| 020 ## - INTERNATIONAL STANDARD BOOK NUMBER |
| ISBN |
0300069987 (pbk. : alk. paper) |
| 040 ## - CATALOGING SOURCE |
| Transcribing agency |
DLC |
| 082 00 - DEWEY DECIMAL CLASSIFICATION NUMBER |
| Classification number |
709 YAL 1998 C158 Or. |
| 245 00 - TITLE STATEMENT |
| Title |
Reading American art / |
| 260 ## - PUBLICATION, DISTRIBUTION, ETC. (IMPRINT) |
| Place of publication |
New Haven, Conn. : |
| Name of publisher |
Yale University Press, |
| Year of publication |
c1998. |
| 300 ## - PHYSICAL DESCRIPTION |
| Number of Pages |
ix, 470 p. : |
| Other physical details |
ill., ports. ; |
| Dimensions |
24 cm. |
| 520 ## - SUMMARY, ETC. |
| Summary, etc |
"This anthology brings together twenty works of recent scholarship on the history of the visual arts in the United States from the colonial period to 1945. The selected essays - all written within the past two decades - reflect the interdisciplinary character of current art historiography in America and the variety of approaches that contribute to the dynamism in the field. The authors take up diverse subject - from colonial portraits to nineteenth-century sculptures of women to photographic images of New York - and invite those with a general knowledge of the history of American art to think more deeply about art and culture."--BOOK JACKET. |
| 650 #0 - SUBJECT ADDED ENTRY--TOPICAL TERM |
| Topical Term |
Art, American. |
| 650 #0 - SUBJECT ADDED ENTRY--TOPICAL TERM |
| Topical Term |
Art, American |
| 700 1# - ADDED ENTRY--PERSONAL NAME |
| Personal name |
Doezema, Marianne, |
| 700 1# - ADDED ENTRY--PERSONAL NAME |
| Personal name |
Milroy, Elizabeth, |
| 942 ## - ADDED ENTRY ELEMENTS (KOHA) |
| Koha item type |
ADB |
| 952 ## - LOCATION AND ITEM INFORMATION (KOHA) |
| Withdrawn status [LOCAL, KOHA] |
0 |